000 00735nam a2200289Ia 4500
005 20260324133350.0
008 008 260324s9999 xx 000 0 eng d
020 _a9781315888941
037 _aEBOOK
040 _aCRL
040 _beng
040 _cCRL
041 _2eng
041 _aeng
084 _qCRL
100 _aR. A. Seligman; Noel D. Moulton; Theo Suranyi-Unger
_91192818
245 0 _aEconomics in the Twentieth Century
245 4 _bThe History of its International Development
260 _bTaylor and Francis
260 _c2003
365 _a
365 _b350
856 _uhttp://www.taylorfrancis.com/books/9781315888941
942 _cEBOOK
999 _c1791781
_d1791781